<?xml version="1.0" encoding="UTF-8"?>
<record
    xmlns:xsi="http://www.w3.org/2001/XMLSchema-instance"
    xsi:schemaLocation="http://www.loc.gov/MARC21/slim http://www.loc.gov/standards/marcxml/schema/MARC21slim.xsd"
    xmlns="http://www.loc.gov/MARC21/slim">

  <leader>01183njm a22002897a 4500</leader>
  <controlfield tag="005">20100901103420.0</controlfield>
  <controlfield tag="007">sd ammalaaahaa</controlfield>
  <controlfield tag="008">100901t        xxu||||| |||| 00| 0 hin d</controlfield>
  <datafield tag="028" ind1=" " ind2=" ">
    <subfield code="a">FT. 17620</subfield>
    <subfield code="b">Gramophone Co.</subfield>
  </datafield>
  <datafield tag="028" ind1=" " ind2=" ">
    <subfield code="a">OJW. 3072</subfield>
    <subfield code="b">Gramophone Co.</subfield>
  </datafield>
  <datafield tag="028" ind1=" " ind2=" ">
    <subfield code="a">OJW. 3076</subfield>
    <subfield code="b">Gramophone Co.</subfield>
  </datafield>
  <datafield tag="035" ind1=" " ind2=" ">
    <subfield code="a">GR-177</subfield>
  </datafield>
  <datafield tag="040" ind1=" " ind2=" ">
    <subfield code="a">SED/VEN</subfield>
  </datafield>
  <datafield tag="100" ind1=" " ind2=" ">
    <subfield code="a">Suraiya</subfield>
    <subfield code="9">17829</subfield>
  </datafield>
  <datafield tag="245" ind1=" " ind2=" ">
    <subfield code="a">Mirza ghalib :</subfield>
    <subfield code="b">Hindustani /</subfield>
    <subfield code="c">by Suraiya &amp; Talat Mahmood ; music by Ghulam Mohamed ; lyric by Ghalib</subfield>
    <subfield code="h">[sound recording]</subfield>
  </datafield>
  <datafield tag="246" ind1=" " ind2=" ">
    <subfield code="a">&#x92E;&#x93F;&#x930;&#x94D;&#x91C;&#x93C;&#x93E; &#x917;&#x93C;&#x93E;&#x932;&#x93F;&#x92C; (&#x938;&#x941;&#x930;&#x948;&#x92F;&#x93E;) </subfield>
  </datafield>
  <datafield tag="260" ind1=" " ind2=" ">
    <subfield code="a">Dum Dum India</subfield>
    <subfield code="b">Gramophone Co.</subfield>
  </datafield>
  <datafield tag="300" ind1=" " ind2=" ">
    <subfield code="a">1 sound disic [gramophone record] :</subfield>
    <subfield code="b">analog, 33 1/3 rpm.</subfield>
    <subfield code="c">10 in.</subfield>
  </datafield>
  <datafield tag="500" ind1=" " ind2=" ">
    <subfield code="a">Brief Record</subfield>
  </datafield>
  <datafield tag="505" ind1=" " ind2=" ">
    <subfield code="a">Dile nadan tujhe huya kya (Mirza Ghalib) &#x926;&#x93F;&#x932;&#x947;   &#x928;&#x93E;&#x926;&#x93E;&#x901;  &#x924;&#x941;&#x91D;&#x947;  &#x939;&#x941;&#x906;  &#x915;&#x94D;&#x92F;&#x93E; ,vahshat hi sahi (Mirza Ghalib ) &#x935;&#x939;&#x936;&#x924; &#x939;&#x940; &#x938;&#x939;&#x940;  </subfield>
  </datafield>
  <datafield tag="650" ind1=" " ind2=" ">
    <subfield code="a">Classical music</subfield>
    <subfield code="x">Excerpts</subfield>
    <subfield code="z">India</subfield>
    <subfield code="9">17830</subfield>
  </datafield>
  <datafield tag="700" ind1=" " ind2=" ">
    <subfield code="a">Talat Mahmood</subfield>
    <subfield code="9">17831</subfield>
  </datafield>
  <datafield tag="700" ind1=" " ind2=" ">
    <subfield code="a">Ghulam Mohamed</subfield>
    <subfield code="9">17832</subfield>
  </datafield>
  <datafield tag="700" ind1=" " ind2=" ">
    <subfield code="a">Ghalib</subfield>
    <subfield code="9">17833</subfield>
  </datafield>
  <datafield tag="942" ind1=" " ind2=" ">
    <subfield code="2">ddc</subfield>
    <subfield code="c">GR</subfield>
  </datafield>
  <datafield tag="999" ind1=" " ind2=" ">
    <subfield code="c">43294</subfield>
    <subfield code="d">43294</subfield>
  </datafield>
  <datafield tag="952" ind1=" " ind2=" ">
    <subfield code="0">0</subfield>
    <subfield code="1">0</subfield>
    <subfield code="2">ddc</subfield>
    <subfield code="4">0</subfield>
    <subfield code="7">1</subfield>
    <subfield code="a">L</subfield>
    <subfield code="b">L</subfield>
    <subfield code="d">2010-09-01</subfield>
    <subfield code="l">0</subfield>
    <subfield code="p">GR-177</subfield>
    <subfield code="r">2010-09-01 00:00:00</subfield>
    <subfield code="t">1</subfield>
    <subfield code="w">2010-09-01</subfield>
    <subfield code="y">GR</subfield>
  </datafield>
</record>
